000 01088nam a22003252cc4500
001 1850132917
003 DE-627
005 20250527121416.0
007 tu
008 230615s2018 gw ||||| 00| ||ger c
020 _a9783770497485
_c: : EUR 7.50
035 _a(DE-627)1850132917
035 _a(DE-599)KXP1850132917
040 _aDE-627
_bger
_cDE-627
_erda
041 _ager
_hjpn
044 _cXA-DE
100 1 _aShinkai, Makoto
_d1973-
_eVerfasserIn
_0(DE-588)139372415
_0(DE-627)610261134
_0(DE-576)311427529
_4aut
245 1 0 _aYour name
_n3
_cAutor: Makoto Shinkai ; Art: Ranmaru Kotone
250 _aDeutschsprachige Ausgabe, 1. Auflage
264 1 _aBerlin
_bEgmont Manga
_c2018
300 _a156 Seiten
336 _aunbewegtes Bild
_bsti
_2rdacontent
337 _aohne Hilfsmittel zu benutzen
_bn
_2rdamedia
338 _aBand
_bnc
_2rdacarrier
500 _aHier auch später erschienene, unveränderte Nachdrucke
700 1 _aPeter, Claudia
_eÜbersetzerIn
_4trl
773 1 8 _w(DE-627)1565950844
_w(DE-576)49595084X
_g3
_q3
_7nnam
942 _2ddc
_cMGA
_n0
951 _aMV
999 _c1272
_d1272